Normal view
MARC view
Entry Personal Name
001 - CONTROL NUMBER
- control field: 239144
003 - CONTROL NUMBER IDENTIFIER
- control field: OSt
005 - DATE AND TIME OF LATEST TRANSACTION
- control field: 20250917145612.0
008 - FIXED-LENGTH DATA ELEMENTS
- fixed length control field: 250917|| aca||aabn | a|a d
040 ## - CATALOGING SOURCE
- Original cataloging agency: OSt
- Transcribing agency: OSt
100 ## - HEADING--PERSONAL NAME
- Personal name: UMANATHA (A Kotiyan)
- Dates associated with a name: ಉಮಾನಾಥ (ಎ ಕೋಟ್ಯಾನ್)
670 ## - SOURCE DATA FOUND
- Source citation: Work cat.: (OSt)215487: UMANATHA (A Kotiyan) ಉಮಾನಾಥ (ಎ ಕೋಟ್ಯಾನ್), Madipu: mudi 61